DICTIONARY OF PSYCHOLOGY (Record no. 215546)
[ view plain ]
| 000 -LEADER | |
|---|---|
| fixed length control field | 00352nam a2200145Ia 4500 |
| 008 - FIXED-LENGTH DATA ELEMENTS--GENERAL INFORMATION | |
| fixed length control field | 230704s9999 xx 000 0 und d |
| 020 ## - INTERNATIONAL STANDARD BOOK NUMBER | |
| International Standard Book Number | 9789374735435 |
| 100 ## - MAIN ENTRY--PERSONAL NAME | |
| Personal name | KUMAR, MOHAN |
| 245 #0 - TITLE STATEMENT | |
| Title | DICTIONARY OF PSYCHOLOGY |
| 250 ## - EDITION STATEMENT | |
| Edition statement | 2ND |
| 260 ## - PUBLICATION, DISTRIBUTION, ETC. | |
| Name of publisher, distributor, etc. | AITBS PUBLISHERS, INDIA |
| Date of publication, distribution, etc. | 2021 |
| 300 ## - PHYSICAL DESCRIPTION | |
| Extent | 492 |
| 650 ## - SUBJECT ADDED ENTRY--TOPICAL TERM | |
| Topical term or geographic name entry element | Anatomy & Physiology |
| 942 ## - ADDED ENTRY ELEMENTS (KOHA) | |
| Koha item type | Book |
| Withdrawn status | Lost status | Source of classification or shelving scheme | Damaged status | Not for loan | Collection code | Home library | Current library | Shelving location | Date acquired | Total Checkouts | Barcode | Date last seen | Date last checked out | Price effective from | Koha item type | Public note |
|---|---|---|---|---|---|---|---|---|---|---|---|---|---|---|---|---|
| Dewey Decimal Classification | Dictionary | Mewar University Central Library | Mewar University Central Library | Humanities | 15/05/2023 | 2 | H2806 | 30/03/2024 | 12/02/2024 | 11/07/2023 | Book | Humanities and Fine Arts R-2 S-1 | ||||
| Dewey Decimal Classification | Dictionary | Mewar University Central Library | Mewar University Central Library | Humanities | 15/05/2023 | H2807 | 11/07/2023 | 11/07/2023 | Book | Humanities and Fine Arts R-2 S-1 | ||||||
| Dewey Decimal Classification | Dictionary | Mewar University Central Library | Mewar University Central Library | Humanities | 15/05/2023 | 2 | H2808 | 01/05/2026 | 15/04/2026 | 11/07/2023 | Book | Humanities and Fine Arts R-2 S-1 | ||||
| Dewey Decimal Classification | Dictionary | Mewar University Central Library | Mewar University Central Library | Humanities | 15/05/2023 | 1 | H2809 | 02/09/2024 | 13/08/2024 | 11/07/2023 | Book | Humanities and Fine Arts R-2 S-1 | ||||
| Dewey Decimal Classification | Dictionary | Mewar University Central Library | Mewar University Central Library | Humanities | 15/05/2023 | H2810 | 11/07/2023 | 11/07/2023 | Book | Humanities and Fine Arts R-2 S-1 |